[Event "Thessaloniki Vardaris op 7th"]
[Site "Thessaloniki"]
[Date "2024.03.17"]
[Round "6"]
[White "Gkoutzouki, Aikaterini Argyro"]
[Black "Krallis, Christos"]
[Result "0-1"]
[WhiteElo "1926"]
[BlackElo "2328"]
[PlyCount "84"]
[EventDate "2024.03.14"]
[EventType "swiss"]
[EventRounds "7"]
[EventCountry "GRE"]
[SourceTitle "CB13_2024"]
[SourceDate "2024.03.27"]
[SourceVersion "1"]
[SourceVersionDate "2024.03.27"]
[SourceQuality "1"]

1. d4 d6 2. c4 e5 3. Nf3 e4 4. Ng5 f5 5. Nc3 Be7 6. Nh3 Nf6 7. Bd2 0-0 8. Nf4 c6 9. e3 Na6 10. Be2 Nc7 11. Qb3 Kh8 12. 0-0-0 a6 13. h3 b5 14. g4 bxc4 15. Qxc4 d5 16. Qa4 g5 17. Ng2 fxg4 18. h4 gxh4 19. Nxh4 Rg8 20. Rdg1 Qe8 21. Ng2 Ne6 22. Rh4 g3 23. f3 exf3 24. Bxf3 Ng5 25. Be2 Nfe4 26. Rh6 Bf8 27. Rh4 Bf5 28. Nxe4 Nxe4 29. Rh5 Bg6 30. Rh4 Nxd2 31. Kxd2 Rb8 32. Kc1 Rg7 33. Rg4 Bd6 34. Rf1 Be4 35. Rxg7 Kxg7 36. Bf3 Bxf3 37. Rxf3 Qe4 38. Qd1 Rf8 39. Nf4 Rxf4 40. exf4 Bxf4+ 41. Rxf4 Qxf4+ 42. Kc2 g2 0-1

[Event "Thessaloniki Vardaris op 7th"]
[Site "Thessaloniki"]
[Date "2024.03.14"]
[Round "1"]
[White "Krallis, Christos"]
[Black "Theoharidis, Georgios"]
[Result "1-0"]
[WhiteElo "2328"]
[BlackElo "1877"]
[PlyCount "51"]
[EventDate "2024.03.14"]
[EventType "swiss"]
[EventRounds "7"]
[EventCountry "GRE"]
[SourceTitle "CB13_2024"]
[SourceDate "2024.03.27"]
[SourceVersion "1"]
[SourceVersionDate "2024.03.27"]
[SourceQuality "1"]

1. Nf3 e6 2. g3 b6 3. Bg2 Bb7 4. 0-0 f5 5. d3 Nf6 6. e4 fxe4 7. Ng5 Be7 8. Nc3 0-0 9. Ngxe4 Nc6 10. d4 Nxe4 11. Nxe4 d5 12. Nc3 Bf6 13. Ne2 e5 14. dxe5 Nxe5 15. Nf4 Qd6 16. Bxd5+ Bxd5 17. Qxd5+ Qxd5 18. Nxd5 Nf3+ 19. Kg2 Be5 20. c3 Rae8 21. Be3 g5 22. Rad1 g4 23. Bh6 Rf5 24. Ne3 Nxh2 25. Nxf5 Nxf1 26. Rxf1 1-0

[Event "Titled Tuesday intern op 13th Feb Early"]
[Site "Chess.com INT"]
[Date "2024.02.13"]
[Round "2"]
[White "Krallis, Christos"]
[Black "Radjabov, Teimour"]
[Result "0-1"]
[WhiteElo "2335"]
[BlackElo "2723"]
[PlyCount "70"]
[EventDate "2024.02.13"]
[EventType "swiss (blitz)"]
[EventRounds "11"]
[EventCountry "USA"]
[SourceTitle "CB08_2024"]
[SourceDate "2024.02.21"]
[SourceVersion "1"]
[SourceVersionDate "2024.02.21"]
[SourceQuality "1"]

1. e4 c5 2. Nf3 Nc6 3. Bb5 h6 4. 0-0 Qb6 5. Nc3 e6 6. Re1 Nd4 7. Bf1 Ne7 8. d3 d6 9. a4 Bd7 10. a5 Qc7 11. Be3 e5 12. Nd2 g6 13. Nc4 Bg7 14. Qd2 g5 15. Reb1 0-0 16. b4 cxb4 17. Rxb4 Bc6 18. h4 gxh4 19. Bxh6 Ng6 20. Bxg7 Kxg7 21. Ne3 Rh8 22. Rxd4 exd4 23. Nf5+ Kg8 24. Nxd4 Qe7 25. Nf5 Qf6 26. Re1 Re8 27. d4 h3 28. gxh3 Rh5 29. d5 Bd7 30. f4 Bxf5 31. exf5 Rxe1 32. Qxe1 Nxf4 33. Ne4 Qe5 34. Qg3+ Kf8 35. Ng5 Ne2+ 0-1

[Event "Titled Tuesday intern op 09th Jan Early"]
[Site "Chess.com INT"]
[Date "2024.01.09"]
[Round "2"]
[White "Krallis, Christos"]
[Black "Makarian, Rudik"]
[Result "0-1"]
[WhiteElo "2330"]
[BlackElo "2525"]
[PlyCount "86"]
[EventDate "2024.01.09"]
[EventType "swiss (blitz)"]
[EventRounds "11"]
[EventCountry "USA"]
[SourceTitle "CB03_2024"]
[SourceDate "2024.01.17"]
[SourceVersion "1"]
[SourceVersionDate "2024.01.17"]
[SourceQuality "1"]

1. e4 c5 2. Nf3 d6 3. Nc3 Nc6 4. d4 cxd4 5. Nxd4 Nf6 6. Be2 e5 7. Nb3 Be7 8. 0-0 0-0 9. Be3 Be6 10. f3 Rc8 11. Qd2 d5 12. exd5 Nxd5 13. Nxd5 Qxd5 14. Rfd1 Rfd8 15. Qe1 Nd4 16. Nxd4 exd4 17. Rxd4 Qe5 18. Qd2 Rxd4 19. Bxd4 Bc5 20. c3 h5 21. Bxc5 Qxc5+ 22. Kh1 h4 23. h3 Qf2 24. Qe1 Qxe1+ 25. Rxe1 Rd8 26. Rd1 Rxd1+ 27. Bxd1 Bxa2 28. Kg1 g5 29. Kf2 Kg7 30. Bc2 Kf6 31. b3 Ke5 32. Ke3 a5 33. c4 a4 34. bxa4 Bxc4 35. a5 f5 36. Ba4 f4+ 37. Kd2 Bf1 38. Ke1 Bxg2 39. Kf2 Bxh3 40. Bb5 Bc8 41. Kg1 Kd4 42. Kg2 Kc5 43. Bd3 Kb4 0-1

[Event "Thessaloniki White Tower op-A 44th"]
[Site "Thessaloniki"]
[Date "2024.01.03"]
[Round "3"]
[White "Kesidis, Odyseas"]
[Black "Krallis, Christos"]
[Result "1-0"]
[WhiteElo "2293"]
[BlackElo "2330"]
[PlyCount "103"]
[EventDate "2024.01.02"]
[EventType "swiss"]
[EventRounds "9"]
[EventCountry "GRE"]
[SourceTitle "CB02_2024"]
[SourceDate "2024.01.10"]
[SourceVersion "1"]
[SourceVersionDate "2024.01.10"]
[SourceQuality "1"]

1. e4 c5 2. Nf3 e6 3. c3 d5 4. exd5 exd5 5. Bb5+ Bd7 6. Qe2+ Qe7 7. Bxd7+ Nxd7 8. d4 Qxe2+ 9. Kxe2 Ngf6 10. Re1 Ne4 11. Kf1 0-0-0 12. Nbd2 Nd6 13. dxc5 Nxc5 14. Nb3 Nd3 15. Rd1 Nxc1 16. Raxc1 Nc4 17. Rc2 Be7 18. Nbd4 Bf6 19. b3 Nd6 20. Ne2 Nb5 21. Nf4 Nc7 22. Rd3 g6 23. Rcd2 b6 24. h4 Rhe8 25. g3 h5 26. a4 Bg7 27. Nd4 a6 28. Nc6 Rd6 29. Nb4 d4 30. cxd4 a5 31. Nc2 Bh6 32. Rf3 Rf6 33. Ne3 Bxf4 34. Rxf4 Rxf4 35. gxf4 Re4 36. Nc4 Rxf4 37. Nxb6+ Kd8 38. Nc4 Rxh4 39. d5 Rh1+ 40. Kg2 Rc1 41. Nxa5 Kd7 42. Nc4 f6 43. d6 Ne6 44. a5 h4 45. Ra2 Ng5 46. f4 Ne6 47. a6 Nxf4+ 48. Kf3 Rf1+ 49. Kg4 f5+ 50. Kg5 Ne6+ 51. Kf6 h3 52. a7 1-0

[Event "GRE-ch 72nd"]
[Site "Athens"]
[Date "2023.12.09"]
[Round "9"]
[White "Krallis, Christos"]
[Black "Kourkoulos Arditis, Stamatis"]
[Result "1/2-1/2"]
[WhiteElo "2339"]
[BlackElo "2543"]
[PlyCount "72"]
[EventDate "2023.12.01"]
[EventType "tourn"]
[EventRounds "9"]
[EventCountry "GRE"]
[EventCategory "6"]
[SourceTitle "CB50_2023"]
[SourceDate "2023.12.13"]
[SourceVersion "1"]
[SourceVersionDate "2023.12.13"]
[SourceQuality "1"]

1. d4 Nf6 2. c4 g6 3. Nf3 Bg7 4. g3 0-0 5. Bg2 d6 6. 0-0 Nbd7 7. Qc2 e5 8. Rd1 exd4 9. Nxd4 Re8 10. Nc3 a6 11. b3 Rb8 12. Bb2 c6 13. Nf3 Nc5 14. b4 Bf5 15. Qc1 Nce4 16. Nxe4 Bxe4 17. Bh3 Bxf3 18. exf3 Qe7 19. Qd2 Qe2 20. Qxe2 Rxe2 21. Bd4 Ne8 22. Bf1 Rc2 23. a3 Rd8 24. f4 Nc7 25. Bd3 Bxd4 26. Bxc2 Bxa1 27. Rxa1 f5 28. a4 Kf7 29. Bb3 Kf6 30. Rd1 Ne6 31. Rb1 c5 32. Bd1 cxb4 33. Rxb4 Nc5 34. a5 Re8 35. Bf3 Re1+ 36. Kg2 Re7 1/2-1/2

[Event "Titled Tuesday intern op 26th Sep Early"]
[Site "Chess.com INT"]
[Date "2023.09.26"]
[Round "5"]
[White "Nazari, Arad"]
[Black "Krallis, Christos"]
[Result "0-1"]
[WhiteElo "2363"]
[BlackElo "2335"]
[PlyCount "188"]
[EventDate "2023.09.26"]
[EventType "swiss (blitz)"]
[EventRounds "11"]
[EventCountry "USA"]
[SourceTitle "EXT 2024"]
[Source "ChessBase"]
[SourceDate "2023.10.10"]
[SourceVersion "1"]
[SourceVersionDate "2023.10.10"]
[SourceQuality "1"]

1. e4 c5 2. Nf3 d6 3. Bb5+ Nc6 4. Bxc6+ bxc6 5. 0-0 Bg4 6. h3 Bh5 7. c3 Nf6 8. Re1 e6 9. d4 cxd4 10. cxd4 d5 11. Nc3 dxe4 12. Nxe4 Nxe4 13. Rxe4 Bg6 14. Re3 Bd6 15. b3 0-0 16. Bb2 c5 17. Ne5 Bxe5 18. Rxe5 cxd4 19. Bxd4 Qh4 20. Be3 Qf6 21. Ra5 Rfd8 22. Qe1 Rd7 23. Rc1 h6 24. Qe2 Qd8 25. Rac5 Bd3 26. Qg4 Bf5 27. Qg3 Rd1+ 28. Kh2 Rxc1 29. Bxc1 Kh7 30. Rc7 Bg6 31. Be3 a5 32. Qe5 Qd5 33. Qxd5 exd5 34. Rc5 a4 35. Rxd5 axb3 36. axb3 Rb8 37. h4 h5 38. Rd7 Rb4 39. Kg3 Rg4+ 40. Kh3 Rb4 41. Rc7 Bf5+ 42. Kg3 Be6 43. Rc5 Rg4+ 44. Kh3 Kg6 45. Rc3 Rb4+ 46. Kh2 Rxh4+ 47. Kg1 Rb4 48. Bc5 Rb5 49. b4 f6 50. Rg3+ Kf7 51. Ra3 g5 52. f3 Kg6 53. Ra6 Kf5 54. Kf2 h4 55. Ke3 Rb7 56. Ra5 Bc4 57. Bb6+ Kg6 58. Bc5 Bf1 59. Kf2 Bb5 60. Ra8 Rd7 61. Ra2 Bc4 62. Rb2 Bb5 63. Rc2 Kf5 64. Rb2 Kg6 65. Be3 f5 66. Rc2 g4 67. fxg4 fxg4 68. Rc5 g3+ 69. Kf3 Rf7+ 70. Kg4 Be2+ 71. Kxh4 Re7 72. Bf4 Re4 73. Kxg3 Rxb4 74. Be5 Rb3+ 75. Kf2 Bb5 76. g3 Kf5 77. Bf4+ Ke4 78. Re5+ Kd4 79. Re7 Bc6 80. Kg1 Rb1+ 81. Kf2 Rb2+ 82. Ke1 Rg2 83. Kf1 Ra2 84. g4 Bb5+ 85. Kg1 Bc6 86. g5 Rg2+ 87. Kf1 Rg4 88. Be5+ Kd3 89. Bf6 Be4 90. Kf2 Rg2+ 91. Kf1 Rg4 92. Re8 Ke3 93. Rb8 Bd3+ 94. Ke1 Rg1# 0-1

[Event "Titled Tuesday intern op 26th Sep Early"]
[Site "Chess.com INT"]
[Date "2023.09.26"]
[Round "9"]
[White "Suyarov, Mukhammadzokhid"]
[Black "Krallis, Christos"]
[Result "1/2-1/2"]
[WhiteElo "2333"]
[BlackElo "2335"]
[PlyCount "114"]
[EventDate "2023.09.26"]
[EventType "swiss (blitz)"]
[EventRounds "11"]
[EventCountry "USA"]
[SourceTitle "EXT 2024"]
[Source "ChessBase"]
[SourceDate "2023.10.10"]
[SourceVersion "1"]
[SourceVersionDate "2023.10.10"]
[SourceQuality "1"]

1. d4 Nf6 2. Nc3 d6 3. e4 g6 4. f4 Bg7 5. Bd3 0-0 6. Nf3 Nc6 7. e5 dxe5 8. dxe5 Nd5 9. 0-0 Ndb4 10. Be4 f5 11. exf6 exf6 12. Qe2 f5 13. Qc4+ Kh8 14. Bxc6 Nxc6 15. Be3 Na5 16. Qa4 Qe8 17. Bd4 Qxa4 18. Bxg7+ Kxg7 19. Nxa4 b6 20. Ne5 Be6 21. b3 Rad8 22. Rad1 Kf6 23. h4 c5 24. c4 Ke7 25. Kf2 Rxd1 26. Rxd1 Rd8 27. Rxd8 Kxd8 28. Nc3 a6 29. Kf3 Kc7 30. Kg3 Nc6 31. Nd3 Nd4 32. h5 Kd6 33. Na4 b5 34. cxb5 axb5 35. Naxc5 Bf7 36. h6 Bd5 37. Kf2 b4 38. g3 Nc2 39. Ke2 Nd4+ 40. Ke3 Nc2+ 41. Kd2 Nd4 42. Na6 g5 43. Naxb4 gxf4 44. gxf4 Bf7 45. Ne5 Be8 46. Nc2 Ne6 47. Ke3 Nc7 48. Nd4 Nd5+ 49. Kf3 Ne7 50. a4 Kd5 51. Ke3 Kc5 52. a5 Nd5+ 53. Kd3 Nxf4+ 54. Ke3 Nd5+ 55. Kd3 Nf4+ 56. Kc3 Nd5+ 57. Kd3 Nf4+ 1/2-1/2

[Event "Titled Tuesday intern op 11th Jul Early"]
[Site "Chess.com INT"]
[Date "2023.07.11"]
[Round "3"]
[White "Avila Jimenez, Xavier"]
[Black "Krallis, Christos"]
[Result "0-1"]
[WhiteElo "2175"]
[BlackElo "2340"]
[PlyCount "96"]
[EventDate "2023.07.11"]
[EventType "swiss (blitz)"]
[EventRounds "11"]
[EventCountry "USA"]
[SourceTitle "EXT 2024"]
[Source "ChessBase"]
[SourceDate "2023.10.10"]
[SourceVersion "1"]
[SourceVersionDate "2023.10.10"]
[SourceQuality "1"]

1. d4 Nf6 2. c4 d6 3. Nc3 c6 4. e4 g6 5. f4 Bg7 6. Nf3 0-0 7. Bd3 Bg4 8. h3 Bxf3 9. Qxf3 Nfd7 10. Be3 a6 11. a4 a5 12. 0-0 Na6 13. Rad1 Nb4 14. Bb1 Qc7 15. e5 Nb6 16. b3 Rad8 17. Qf2 Nc8 18. Ne4 d5 19. Ng5 dxc4 20. bxc4 Nb6 21. Qe2 Nxa4 22. Rc1 h6 23. Nf3 e6 24. Nd2 c5 25. dxc5 Nxc5 26. Kh2 a4 27. Bxc5 Qxc5 28. Ne4 Qa5 29. Nd6 Rd7 30. Be4 Bxe5 31. fxe5 Qxe5+ 32. Kh1 Rxd6 33. c5 Rd4 34. Rfe1 Rc8 35. Qf3 Qg5 36. Qc3 Rxe4 37. Rxe4 Na2 38. Qc4 Qxc1+ 39. Qxc1 Nxc1 40. Rxa4 Nd3 41. Ra7 Nxc5 42. Kg1 b5 43. Kf2 b4 44. Ra5 b3 45. Rb5 b2 46. Ke3 Na4 47. Rb3 Rc3+ 48. Kd4 Rxb3 0-1

[Event "Titled Tuesday intern op 23rd May Late"]
[Site "Chess.com INT"]
[Date "2023.05.23"]
[Round "4"]
[White "Kovalevsky, Stanislav"]
[Black "Krallis, Christos"]
[Result "0-1"]
[WhiteElo "2237"]
[BlackElo "2347"]
[PlyCount "120"]
[EventDate "2023.05.23"]
[EventType "swiss (blitz)"]
[EventRounds "11"]
[EventCountry "USA"]
[SourceTitle "EXT 2024"]
[Source "ChessBase"]
[SourceDate "2023.10.10"]
[SourceVersion "1"]
[SourceVersionDate "2023.10.10"]
[SourceQuality "1"]

1. c4 e5 2. Nc3 Nc6 3. g3 g6 4. Bg2 Nf6 5. a3 Bg7 6. b4 0-0 7. b5 Ne7 8. Bb2 d5 9. cxd5 Nexd5 10. Nf3 Re8 11. 0-0 e4 12. Ne1 Bf5 13. Qb3 Be6 14. Qc2 Bf5 15. Nxd5 Nxd5 16. Bxg7 Kxg7 17. Qb2+ Qf6 18. Qxf6+ Kxf6 19. Nc2 Rad8 20. Rac1 h5 21. Rfd1 Bg4 22. Kf1 Bd7 23. a4 c6 24. Na3 cxb5 25. axb5 Nb6 26. Rc7 Bc8 27. d4 Nd5 28. Rc5 b6 29. Rc6+ Kg7 30. e3 h4 31. Rdc1 h3 32. Bh1 Bb7 33. R6c4 a6 34. bxa6 Bxa6 35. Ke1 Bxc4 36. Rxc4 Rc8 37. Rxc8 Rxc8 38. Bxe4 Rc1+ 39. Ke2 Nc3+ 40. Kf3 Nxe4 41. Kxe4 Rh1 42. Nc4 Rxh2 43. Nxb6 Rxf2 44. d5 h2 45. d6 h1Q+ 46. Ke5 Qc6 47. d7 Rf5+ 48. Kd4 Qxb6+ 49. Kc4 Rc5+ 50. Kd3 Qd6+ 51. Ke2 Rc2+ 52. Kf3 Qd5+ 53. e4 Qd3+ 54. Kf4 Rf2+ 55. Ke5 f6+ 56. Ke6 Qxe4+ 57. Kd6 Rd2+ 58. Kc7 Qe5+ 59. Kd8 Qd6 60. g4 Qxd7# 0-1

[Event "Titled Tuesday intern op 04th Apr Late"]
[Site "Chess.com INT"]
[Date "2023.04.04"]
[Round "2"]
[White "Krallis, Christos"]
[Black "Ai, Evan Zihao"]
[Result "1-0"]
[WhiteElo "2344"]
[BlackElo "2055"]
[PlyCount "65"]
[EventDate "2023.04.04"]
[EventType "swiss (blitz)"]
[EventRounds "11"]
[EventCountry "USA"]
[SourceTitle "EXT 2024"]
[Source "ChessBase"]
[SourceDate "2023.10.10"]
[SourceVersion "1"]
[SourceVersionDate "2023.10.10"]
[SourceQuality "1"]

1. b4 e5 2. Bb2 d6 3. g3 a5 4. b5 Nf6 5. Bg2 c6 6. a4 Be6 7. Nf3 Nbd7 8. 0-0 Be7 9. Nc3 h6 10. d4 e4 11. Nd2 d5 12. f3 e3 13. Nb3 Nb6 14. Qd3 Nc4 15. Bc1 Qd7 16. g4 h5 17. g5 Bf5 18. Qd1 Nh7 19. f4 f6 20. Nc5 Bxc5 21. dxc5 fxg5 22. Qd4 0-0-0 23. bxc6 bxc6 24. Bxe3 Nxe3 25. Qxe3 d4 26. Qf2 dxc3 27. e4 Bxe4 28. Bxe4 Nf6 29. Bd3 gxf4 30. Rab1 Qd4 31. Ba6+ Kc7 32. Rb7+ Kc8 33. Rb4+ 1-0

[Event "Titled Tuesday intern op 04th Apr Late"]
[Site "Chess.com INT"]
[Date "2023.04.04"]
[Round "1"]
[White "Micic, Aleksa"]
[Black "Krallis, Christos"]
[Result "1/2-1/2"]
[WhiteElo "2235"]
[BlackElo "2344"]
[PlyCount "193"]
[EventDate "2023.04.04"]
[EventType "swiss (blitz)"]
[EventRounds "11"]
[EventCountry "USA"]
[SourceTitle "EXT 2024"]
[Source "ChessBase"]
[SourceDate "2023.10.10"]
[SourceVersion "1"]
[SourceVersionDate "2023.10.10"]
[SourceQuality "1"]

1. d4 Nf6 2. Nf3 d5 3. g3 c5 4. Bg2 e6 5. 0-0 Nc6 6. e3 Be7 7. b3 0-0 8. Bb2 cxd4 9. Nxd4 Nxd4 10. Bxd4 b6 11. Qe2 Bb7 12. Rd1 Qc7 13. c4 dxc4 14. Bxb7 Qxb7 15. Qxc4 Rac8 16. Qe2 Ne4 17. Nd2 Ng5 18. h4 Ne4 19. Qf3 Nd6 20. Qxb7 Nxb7 21. Rac1 f6 22. Bb2 Kf7 23. Ne4 e5 24. Rd7 Nc5 25. Nxc5 bxc5 26. Rxa7 Ra8 27. Rxa8 Rxa8 28. a4 e4 29. Ba3 Rc8 30. Rc4 f5 31. b4 Ke6 32. bxc5 Kd5 33. Rd4+ Ke6 34. a5 Ra8 35. Bb4 Ra6 36. Kg2 Rc6 37. f3 exf3+ 38. Kxf3 g6 39. e4 Rc8 40. exf5+ gxf5 41. h5 Rb8 42. a6 Ra8 43. g4 fxg4+ 44. Kxg4 Rxa6 45. Re4+ Kf7 46. Rf4+ Ke6 47. Re4+ Kf7 48. Kf5 Rh6 49. Kg4 Rc6 50. Rf4+ Ke8 51. Kf5 Bxc5 52. Re4+ Kf7 53. Rc4 Rf6+ 54. Kg4 Bb6 55. Bc3 Re6 56. Rf4+ Kg8 57. Rf6 Re3 58. Rxb6 Rxc3 59. Rb8+ Kg7 60. Rb7+ Kg8 61. Rb8+ Kf7 62. Rb7+ Kf6 63. Rxh7 Rc4+ 64. Kf3 Kg5 65. h6 Kg6 66. Rh8 Rc3+ 67. Kg4 Rc4+ 68. Kf3 Ra4 69. Rg8+ Kxh6 70. Rg2 Kh5 71. Re2 Kg5 72. Re3 Kf5 73. Rd3 Ra1 74. Ke3 Ke5 75. Rb3 Rh1 76. Rb5+ Kd6 77. Rb6+ Kc5 78. Rg6 Kd5 79. Rg5+ Ke6 80. Rg2 Re1+ 81. Re2 Ra1 82. Rd2 Ke5 83. Rd3 Re1+ 84. Kd2 Rh1 85. Re3+ Kd4 86. Re2 Ra1 87. Re8 Ra2+ 88. Kc1 Rh2 89. Rd8+ Kc4 90. Rc8+ Kb3 91. Rb8+ Ka2 92. Ra8+ Kb3 93. Rb8+ Kc4 94. Rc8+ Kd4 95. Rd8+ Kc5 96. Rc8+ Kd6 97. Rd8+ 1/2-1/2

[Event "Titled Tuesday intern op 28th Mar Late"]
[Site "Chess.com INT"]
[Date "2023.03.28"]
[Round "1"]
[White "Villiers, Thomas"]
[Black "Krallis, Christos"]
[Result "0-1"]
[WhiteElo "2185"]
[BlackElo "2339"]
[PlyCount "72"]
[EventDate "2023.03.28"]
[EventType "swiss (blitz)"]
[EventRounds "11"]
[EventCountry "USA"]
[SourceTitle "EXT 2024"]
[Source "ChessBase"]
[SourceDate "2023.10.10"]
[SourceVersion "1"]
[SourceVersionDate "2023.10.10"]
[SourceQuality "1"]

1. e4 g6 2. Nf3 Bg7 3. Bc4 e6 4. d4 Ne7 5. Qe2 0-0 6. 0-0 d5 7. Bd3 c5 8. dxc5 Qc7 9. Be3 Nd7 10. exd5 Nxd5 11. c3 Nxe3 12. Qxe3 Nxc5 13. Bc2 b6 14. Nbd2 Bb7 15. Rad1 Rac8 16. Ne4 Nxe4 17. Bxe4 Ba6 18. Bd3 Bb7 19. Be4 Rfd8 20. Bxb7 Qxb7 21. Nd4 Qd5 22. b3 e5 23. Nf5 Qxd1 24. Ne7+ Kf8 25. Nxc8 Qd7 26. Nxb6 axb6 27. Qxb6 e4 28. Qb4+ Qe7 29. Qxe7+ Kxe7 30. Re1 f5 31. c4 Rd2 32. f3 Bd4+ 33. Kh1 e3 34. a4 e2 35. c5 Rd1 36. Rf1 exf1Q# 0-1

[Event "Titled Tuesday intern op 21st Mar Late"]
[Site "Chess.com INT"]
[Date "2023.03.21"]
[Round "4"]
[White "Krallis, Christos"]
[Black "Kobo, Ori"]
[Result "1/2-1/2"]
[WhiteElo "2339"]
[BlackElo "2548"]
[PlyCount "170"]
[EventDate "2023.03.21"]
[EventType "swiss (blitz)"]
[EventRounds "11"]
[EventCountry "USA"]
[SourceTitle "EXT 2024"]
[Source "ChessBase"]
[SourceDate "2023.10.10"]
[SourceVersion "1"]
[SourceVersionDate "2023.10.10"]
[SourceQuality "1"]

1. d4 Nf6 2. c4 g6 3. Nf3 Bg7 4. g3 0-0 5. Bg2 d6 6. 0-0 Re8 7. b3 Nc6 8. Bb2 e5 9. dxe5 Ng4 10. Nc3 Ngxe5 11. Nxe5 Nxe5 12. Qd2 a6 13. Rfd1 Nc6 14. Nd5 Be6 15. Bxg7 Kxg7 16. Qb2+ f6 17. Nf4 Bf7 18. c5 Qe7 19. cxd6 cxd6 20. h4 Qe5 21. Qd2 Rad8 22. Rac1 d5 23. Bf3 Qd6 24. e3 g5 25. hxg5 fxg5 26. Qb2+ Qe5 27. Nd3 Qxb2 28. Nxb2 Ne5 29. Bg2 Re7 30. Na4 h5 31. Nc3 Red7 32. Ne2 h4 33. Nd4 hxg3 34. Nf5+ Kf6 35. Nxg3 g4 36. Ne2 Nf3+ 37. Kf1 Bg6 38. Ng3 Ke5 39. a4 Rh7 40. Rc5 Rhd7 41. Bxf3 gxf3 42. Rd4 Ke6 43. a5 Rh8 44. Ke1 Rh2 45. b4 Rg2 46. b5 Rg1+ 47. Kd2 Rb1 48. b6 Rb2+ 49. Ke1 Rb1+ 50. Kd2 Rb2+ 51. Ke1 Rb1+ 52. Rd1 Rxd1+ 53. Kxd1 d4 54. e4 Kd6 55. Rd5+ Kc6 56. Rxd7 Kxd7 57. Kd2 Kc6 58. Kd3 Kb5 59. Kxd4 Kxa5 60. Kc5 Ka4 61. e5 a5 62. Kc4 Bf7+ 63. Kc3 Kb5 64. Ne4 Kxb6 65. Ng5 Bh5 66. Nh7 Kc6 67. Nf6 Bf7 68. Ne4 b5 69. Ng5 Bh5 70. e6 Kd6 71. Kd4 a4 72. Kc3 Ke7 73. Kb4 Be8 74. Ka3 Kf6 75. Nxf3 Kxe6 76. Nd4+ Kd5 77. Nxb5 Bxb5 78. f4 Ke4 79. f5 Kxf5 80. Kb4 Ke5 81. Ka3 Kd4 82. Kb2 Kc4 83. Ka1 Kb3 84. Kb1 a3 85. Ka1 Bd3 1/2-1/2

[Event "Titled Tuesday intern op 21st Mar Late"]
[Site "Chess.com INT"]
[Date "2023.03.21"]
[Round "3"]
[White "Krallis, Christos"]
[Black "Mayaud, Raphael"]
[Result "1-0"]
[WhiteElo "2339"]
[BlackElo "2199"]
[PlyCount "89"]
[EventDate "2023.03.21"]
[EventType "swiss (blitz)"]
[EventRounds "11"]
[EventCountry "USA"]
[SourceTitle "EXT 2024"]
[Source "ChessBase"]
[SourceDate "2023.10.10"]
[SourceVersion "1"]
[SourceVersionDate "2023.10.10"]
[SourceQuality "1"]

1. Nf3 d5 2. g3 c6 3. Bg2 Nf6 4. 0-0 Bf5 5. c4 e6 6. d3 h6 7. b3 Nbd7 8. Bb2 Be7 9. Nbd2 0-0 10. a3 Re8 11. Re1 Bh7 12. Qc2 a5 13. Bc3 b5 14. cxb5 cxb5 15. Qb2 b4 16. axb4 Bxb4 17. Nd4 Qb6 18. Nc2 Rec8 19. Nxb4 axb4 20. Bd4 Qb5 21. h3 Bg6 22. f4 Qb7 23. Nf3 Rxa1 24. Rxa1 Ra8 25. Rc1 Rc8 26. Nh4 Bh7 27. g4 Ne8 28. Nf3 Rxc1+ 29. Qxc1 Qc7 30. Qxc7 Nxc7 31. Ne5 Nxe5 32. fxe5 Na6 33. Kf2 Kf8 34. e4 dxe4 35. dxe4 Ke8 36. Bf1 Nc7 37. Ke3 Kd7 38. Bc5 Kc6 39. Bxb4 f6 40. Bf8 fxe5 41. Bxg7 h5 42. gxh5 Ne8 43. Bxe5 Nd6 44. Bxd6 Kxd6 45. b4 1-0

[Event "Titled Tuesday intern op 21st Mar Late"]
[Site "Chess.com INT"]
[Date "2023.03.21"]
[Round "2"]
[White "Movahed, Sina"]
[Black "Krallis, Christos"]
[Result "1-0"]
[WhiteElo "2340"]
[BlackElo "2339"]
[PlyCount "49"]
[EventDate "2023.03.21"]
[EventType "swiss (blitz)"]
[EventRounds "11"]
[EventCountry "USA"]
[SourceTitle "EXT 2024"]
[Source "ChessBase"]
[SourceDate "2023.10.10"]
[SourceVersion "1"]
[SourceVersionDate "2023.10.10"]
[SourceQuality "1"]

1. e4 e5 2. Nf3 Nc6 3. Bb5 a6 4. Ba4 Nf6 5. 0-0 b5 6. Bb3 Be7 7. c3 0-0 8. d4 d6 9. h3 Bb7 10. Re1 Nd7 11. a4 exd4 12. cxd4 Bf6 13. Nc3 bxa4 14. Rxa4 Nb6 15. Ra3 Na7 16. Ra5 Nc6 17. Rf5 g6 18. Rf4 Bg7 19. Ng5 d5 20. Nxd5 Na5 21. Nxb6 Nxb3 22. Qxb3 cxb6 23. Rxf7 Rxf7 24. Qxf7+ Kh8 25. Qxb7 1-0

[Event "Titled Tuesday intern op 7th Mar Late"]
[Site "Chess.com INT"]
[Date "2023.03.07"]
[Round "1"]
[White "Glashausser, Sho"]
[Black "Krallis, Christos"]
[Result "0-1"]
[WhiteElo "1978"]
[BlackElo "2339"]
[PlyCount "42"]
[EventDate "2023.03.07"]
[EventType "swiss (blitz)"]
[EventRounds "11"]
[EventCountry "USA"]
[SourceTitle "EXT 2024"]
[Source "ChessBase"]
[SourceDate "2023.10.10"]
[SourceVersion "1"]
[SourceVersionDate "2023.10.10"]
[SourceQuality "1"]

1. e4 Nf6 2. e5 Nd5 3. d4 d6 4. c4 Nb6 5. exd6 exd6 6. Nf3 Be7 7. Bd3 0-0 8. 0-0 Nc6 9. Nc3 Bg4 10. Be3 Bf6 11. h3 Bh5 12. Bb1 Bg6 13. b3 d5 14. c5 Nc8 15. Bxg6 hxg6 16. Qd2 N8e7 17. Rab1 Nf5 18. b4 Re8 19. b5 Na5 20. Bg5 Nc4 21. Bxf6 Nxd2 0-1

[Event "Titled Tuesday intern op 7th Mar Late"]
[Site "Chess.com INT"]
[Date "2023.03.07"]
[Round "3"]
[White "Krallis, Christos"]
[Black "Burg, Twan"]
[Result "0-1"]
[WhiteElo "2339"]
[BlackElo "2517"]
[PlyCount "130"]
[EventDate "2023.03.07"]
[EventType "swiss (blitz)"]
[EventRounds "11"]
[EventCountry "USA"]
[SourceTitle "EXT 2024"]
[Source "ChessBase"]
[SourceDate "2023.10.10"]
[SourceVersion "1"]
[SourceVersionDate "2023.10.10"]
[SourceQuality "1"]

1. Nf3 d5 2. d4 Nf6 3. c4 e6 4. Nc3 Be7 5. Bf4 0-0 6. e3 Nbd7 7. Be2 dxc4 8. 0-0 a6 9. a4 c5 10. dxc5 Nxc5 11. Bxc4 Bd7 12. Ne5 Rc8 13. Nxd7 Ncxd7 14. Be2 Qb6 15. Qb1 Rfd8 16. a5 Qb4 17. Ra4 Qc5 18. Rc4 Qxa5 19. Rd1 Rxc4 20. Bxc4 Rc8 21. Qa2 Qxa2 22. Bxa2 Kf8 23. Kf1 Nb6 24. Rd3 Nfd7 25. Ne4 Rc1+ 26. Ke2 Rc2+ 27. Rd2 Rxd2+ 28. Kxd2 Nc5 29. Nc3 Ke8 30. Be5 g6 31. Bd4 Ncd7 32. Bxb6 Nxb6 33. g3 Kd7 34. h4 h5 35. Kd3 Bf6 36. Nd1 Kd6 37. f4 Na4 38. Kc2 Nc5 39. Nf2 b5 40. e4 Bd4 41. e5+ Kd7 42. Nd1 Bg1 43. Nc3 Kc6 44. Ne2 Bf2 45. f5 gxf5 46. Nf4 Bxg3 47. Nxh5 Bxh4 48. Nf4 Bg3 49. Nh3 Bxe5 50. Ng5 Na4 51. Nxf7 Bxb2 52. Nd8+ Kd6 53. Nxe6 Bf6 54. Nf4 Nc5 55. Bg8 a5 56. Bh7 Ke5 57. Ng6+ Ke4 58. Nf8 a4 59. Bg6 b4 60. Nh7 b3+ 61. Kb1 Bc3 62. Ng5+ Kf4 63. Nh3+ Ke5 64. Nf2 a3 65. Nd3+ Kd4 0-1